000 00568cam a2200229 i 4500
001 1827191
005 20180308045342.0
008 800926s1981 caua b 001 0 eng
010 _a 80024699
020 _a0716712261
040 _aDLC
_cDLC
_dDLC
041 _aeng
060 _aQU4 S928b
080 _a574.192 LUB
082 0 0 _a574.192 LUB
_219
100 1 _a7
101 _aBIO
245 1 0 _aBiochemistry /
_cLubert Stryer.
504 _aIncludes bibliographies and index.
906 _a7
_bcbc
_corignew
_du
_eocip
_f19
_gy-gencatlg
942 _2ddc
_cBK
999 _c44432
_d44432